Countries AC/DC has visited - Statistics

General Stats
  • This quiz has been taken 297 times
    57 since last reset
  • The average score is 31 of 34
Answer Stats
Continent Country % Correct
South America Argentina
100%
Oceania Australia
100%
South America Brazil
100%
North America Canada
100%
Europe Spain
100%
Europe United Kingdom
100%
North America United States of America
100%
Europe France
98%
North America Mexico
98%
Europe Portugal
98%
Asia/ Europe Russia
98%
Europe Austria
95%
Europe Germany
95%
Asia Japan
95%
Europe Poland
95%
Europe Sweden
95%
Europe Belgium
93%
Europe Finland
93%
Europe Greece
93%
Europe Hungary
93%
Europe Italy
93%
Europe Norway
93%
South America Chile
90%
Oceania New Zealand
90%
Europe Denmark
88%
Europe Romania
88%
Europe Slovakia
85%
Europe Switzerland
85%
Europe Bulgaria
83%
Europe Estonia
83%
Europe Netherlands
83%
Europe Czech Republic
80%
Europe Ireland
80%
Europe Serbia
80%
No matching quizzes found
Score Distribution
Percent of People with Each Score
Percentile by Number Answered
Your Score History
You have not taken this quiz since the last reset